[Event "CHN-chT (Women)"]
[Site "Nanjing"]
[Date "2023.02.17"]
[Round "4.2"]
[White "Liu, Hongyan"]
[Black "Shao, Qiyu"]
[Result "1/2-1/2"]
[WhiteElo "2003"]
[BlackElo "1544"]
[PlyCount "63"]
[EventDate "2023.02.14"]
[EventType "team-swiss"]
[EventRounds "9"]
[EventCountry "CHN"]
[SourceTitle "CBM 212 Extra"]
[Source "ChessBase"]
[SourceDate "2023.03.31"]
[SourceVersion "1"]
[SourceVersionDate "2023.03.31"]
[SourceQuality "1"]
[WhiteTeam "Tianjin (W)"]
[BlackTeam "Qingdao (W)"]
[WhiteTeamCountry "CHN"]
[BlackTeamCountry "CHN"]

1. d4 Nf6 2. Nf3 d5 3. Bf4 c6 4. c3 Qb6 5. Qb3 Qxb3 6. axb3 Nbd7 7. e3 Ne4 8. Nbd2 Ndf6 9. Be2 Bf5 10. h3 e6 11. Nxe4 Nxe4 12. Nd2 Kd7 13. Nxe4 Bxe4 14. f3 Bc2 15. b4 Bd6 16. Bxd6 Kxd6 17. Kd2 Bg6 18. b5 Rhc8 19. Ra2 cxb5 20. Bxb5 a6 21. Be2 Rc6 22. b3 Rb6 23. Ra3 e5 24. g4 exd4 25. exd4 Re8 26. Re1 Kd7 27. Bf1 Rxe1 28. Kxe1 Bc2 29. b4 f6 30. Kd2 Bg6 31. Ra5 Kd6 32. Ra1 1/2-1/2

[Event "CHN-chT (Women)"]
[Site "Nanjing"]
[Date "2023.02.15"]
[Round "2.2"]
[White "Liu, Hongyan"]
[Black "Yan, Tianqi"]
[Result "1/2-1/2"]
[WhiteElo "2003"]
[BlackElo "2186"]
[PlyCount "87"]
[EventDate "2023.02.14"]
[EventType "team-swiss"]
[EventRounds "9"]
[EventCountry "CHN"]
[SourceTitle "CBM 212 Extra"]
[Source "ChessBase"]
[SourceDate "2023.03.31"]
[SourceVersion "1"]
[SourceVersionDate "2023.03.31"]
[SourceQuality "1"]
[WhiteTeam "Tianjin (W)"]
[BlackTeam "Hangzhou (W)"]
[WhiteTeamCountry "CHN"]
[BlackTeamCountry "CHN"]

1. e4 c5 2. c3 d5 3. exd5 Qxd5 4. d4 Nf6 5. Nf3 e6 6. Be2 Nc6 7. 0-0 Be7 8. Be3 cxd4 9. cxd4 0-0 10. Nc3 Qd8 11. Rc1 Bd6 12. Bg5 h6 13. Bxf6 Qxf6 14. Ne4 Qd8 15. Nxd6 Qxd6 16. Bb5 Bd7 17. Bd3 Rfd8 18. Bb1 Be8 19. Qd3 f5 20. Qb3 Bh5 21. Rfe1 Re8 22. Bxf5 Bxf3 23. Rxe6 Rxe6 24. Qxe6+ Qxe6 25. Bxe6+ Kf8 26. gxf3 Nxd4 27. Rc8+ Rxc8 28. Bxc8 Nxf3+ 29. Kg2 Ne1+ 30. Kg3 Nd3 31. Bxb7 Nxb2 32. Ba6 Na4 33. Kf4 Kf7 34. Ke5 Kg6 35. Kf4 Kf6 36. h3 Nc5 37. Bc4 g5+ 38. Kg4 Kg6 39. f4 gxf4 40. Kxf4 Kf6 41. Kg4 Kg6 42. Kf4 Kf6 43. Kg4 Kg6 44. Kf4 1/2-1/2

[Event "CHN-chT (Women)"]
[Site "Liaocheng"]
[Date "2021.10.26"]
[Round "7.3"]
[White "Kuang, Wanyi"]
[Black "Liu, Hongyan"]
[Result "0-1"]
[WhiteElo "1405"]
[BlackElo "2038"]
[PlyCount "98"]
[EventDate "2021.10.20"]
[EventType "team-tourn"]
[EventRounds "9"]
[EventCountry "CHN"]
[SourceTitle "CBM 204 Extra"]
[Source "ChessBase"]
[SourceDate "2021.11.30"]
[SourceVersion "1"]
[SourceVersionDate "2021.11.30"]
[SourceQuality "1"]
[WhiteTeam "Chengdu (W)"]
[BlackTeam "Tianjin (W)"]
[WhiteTeamCountry "CHN"]
[BlackTeamCountry "CHN"]

1. d4 d5 2. c4 e6 3. cxd5 exd5 4. Nf3 c6 5. Nc3 Nf6 6. Qc2 Be7 7. Bf4 Nbd7 8. e3 0-0 9. Bd3 Re8 10. 0-0 Nf8 11. h3 Bd6 12. Bxd6 Qxd6 13. Rfb1 Ng6 14. b4 Bd7 15. b5 Rac8 16. bxc6 Qxc6 17. Rb3 Ne4 18. Rc1 Qd6 19. Qb1 b6 20. Ba6 Rc7 21. Qb2 Qe6 22. Nb5 Rxc1+ 23. Qxc1 Bxb5 24. Rxb5 Nd6 25. Rb2 Qd7 26. Qf1 Qc7 27. Qe2 Qc1+ 28. Kh2 Qc7 29. Rc2 Qd7 30. Qd3 Qa4 31. Nd2 b5 32. Rc6 Nc4 33. Nb3 Ne7 34. Nc5 Qxa2 35. Rc7 Qxf2 36. Bxb5 Nxe3 37. Qe2 Qf4+ 38. g3 Qxc7 39. Bxe8 N7f5 40. Qf2 Qxg3+ 41. Qxg3 Nf1+ 42. Kg2 N1xg3 43. Bc6 Nh5 44. Nb3 Nf4+ 45. Kh2 Kf8 46. Bb5 Ne6 47. Bc6 Nexd4 48. Nxd4 Nxd4 49. Bxd5 a5 0-1

[Event "CHN-chT (Women)"]
[Site "Liaocheng"]
[Date "2021.10.21"]
[Round "2.3"]
[White "Cai, Boheng"]
[Black "Liu, Hongyan"]
[Result "1-0"]
[WhiteElo "1847"]
[BlackElo "2038"]
[PlyCount "137"]
[EventDate "2021.10.20"]
[EventType "team-tourn"]
[EventRounds "9"]
[EventCountry "CHN"]
[SourceTitle "CBM 204 Extra"]
[Source "ChessBase"]
[SourceDate "2021.11.30"]
[SourceVersion "1"]
[SourceVersionDate "2021.11.30"]
[SourceQuality "1"]
[WhiteTeam "Jiangsu (W)"]
[BlackTeam "Tianjin (W)"]
[WhiteTeamCountry "CHN"]
[BlackTeamCountry "CHN"]

1. d4 d5 2. c4 e6 3. Nf3 c6 4. e3 f5 5. Bd3 Nf6 6. 0-0 Bd6 7. b3 Qe7 8. a4 a5 9. Ba3 0-0 10. Bxd6 Qxd6 11. Nc3 Ne4 12. Ne2 Nd7 13. Rc1 Ndf6 14. Ne5 Bd7 15. h4 Qe7 16. Nf4 Be8 17. Be2 Nd7 18. Ned3 Qxh4 19. Nxe6 Rf6 20. Nef4 Rh6 21. Nh3 g5 22. f3 Ng3 23. Rf2 Bg6 24. cxd5 Nxe2+ 25. Qxe2 Qg3 26. Kf1 g4 27. Ng1 Rh1 28. dxc6 Qh2 29. Ke1 Rxg1+ 30. Kd2 Rxc1 31. Nxc1 bxc6 32. Qc4+ Kg7 33. Qxc6 Rd8 34. fxg4 Qg3 35. Rf4 fxg4 36. Ne2 Qh4 37. Qe6 Nf6 38. Qe7+ Bf7 39. Ng3 Rd5 40. Nf5+ Rxf5 41. Rxf5 Kg6 42. Rf4 Bd5 43. e4 Nxe4+ 44. Rxe4 Qf2+ 45. Re2 Qxd4+ 46. Kc2 h6 47. Qd6+ Kf5 48. Qd7+ Kg6 49. Qe8+ Bf7 50. Qe4+ Qxe4+ 51. Rxe4 Kf5 52. Re2 g3 53. Re3 Kg4 54. Re4+ Kf5 55. Rd4 h5 56. b4 axb4 57. Rxb4 Bd5 58. Rb5 Ke6 59. Rxd5 Kxd5 60. Kd3 h4 61. Ke3 Kc4 62. Kf3 Kb4 63. Kg4 h3 64. Kxh3 Kxa4 65. Kxg3 Kb5 66. Kf4 Kc6 67. Kf5 Kd7 68. Kf6 Ke8 69. g4 1-0

[Event "Paracin (Women) 2nd"]
[Site "Paracin"]
[Date "2019.07.16"]
[Round "5"]
[White "Liu, Hongyan"]
[Black "Sredojevic, Ivan"]
[Result "0-1"]
[WhiteElo "2033"]
[BlackElo "2253"]
[PlyCount "112"]
[EventDate "2019.07.13"]
[EventType "tourn"]
[EventRounds "9"]
[EventCountry "SRB"]
[SourceTitle "CBM 191 Extra"]
[Source "ChessBase"]
[SourceDate "2019.09.30"]
[SourceVersion "1"]
[SourceVersionDate "2019.09.30"]
[SourceQuality "1"]

1. d4 d6 2. Nf3 g6 3. Bf4 Bg7 4. e3 Nf6 5. h3 0-0 6. Be2 Nfd7 7. 0-0 e5 8. Bh2 Qe7 9. a4 f5 10. Re1 g5 11. dxe5 dxe5 12. Na3 e4 13. Nd4 Ne5 14. Nc4 Nbc6 15. c3 Kh8 16. Qc2 Nxc4 17. Bxc4 Ne5 18. Bxe5 Bxe5 19. Qb3 Rf6 20. Rad1 c6 21. Rd2 Bc7 22. Qd1 Qe5 23. g3 f4 24. exf4 gxf4 25. Nf3 Qc5 26. Rxe4 Bxh3 27. b4 Qh5 28. Ne5 Qxd1+ 29. Rxd1 fxg3 30. fxg3 Bf5 31. Re2 Raf8 32. Nd7 Rd8 33. Nxf6 Rxd1+ 34. Kg2 Bg6 35. Re7 Rd2+ 36. Kh3 Bd8 37. Ne4 Bxe7 38. Nxd2 Bf6 39. b5 Bxc3 40. bxc6 bxc6 41. Nb3 Kg7 42. Nc5 Kf6 43. Kg4 Ke5 44. Nb3 Be1 45. Ba6 Bf5+ 46. Kh4 Bc2 47. Nc5 Kd4 48. Ne6+ Ke3 49. Nc5 Bb4 50. Nd7 Bd6 51. a5 c5 52. Bb5 Bd3 53. Bc6 c4 54. a6 c3 55. Nb6 c2 56. Nd5+ Kd2 0-1

[Event "Paracin (Women) 2nd"]
[Site "Paracin"]
[Date "2019.07.15"]
[Round "4"]
[White "Brankovic, Dejan"]
[Black "Liu, Hongyan"]
[Result "1/2-1/2"]
[WhiteElo "2312"]
[BlackElo "2033"]
[PlyCount "27"]
[EventDate "2019.07.13"]
[EventType "tourn"]
[EventRounds "9"]
[EventCountry "SRB"]
[SourceTitle "CBM 191 Extra"]
[Source "ChessBase"]
[SourceDate "2019.09.30"]
[SourceVersion "1"]
[SourceVersionDate "2019.09.30"]
[SourceQuality "1"]

1. Nf3 d5 2. g3 Nf6 3. Bg2 c6 4. d3 Bg4 5. h3 Bh5 6. 0-0 Nbd7 7. Qe1 Bxf3 8. Bxf3 e5 9. c4 dxc4 10. dxc4 a5 11. Nc3 Be7 12. Na4 Nc5 13. Nxc5 Bxc5 14. Bg5 1/2-1/2

[Event "Paracin Summer op-A 12th"]
[Site "Paracin"]
[Date "2019.07.08"]
[Round "4"]
[White "Liu, Hongyan"]
[Black "Anand, Batsukh"]
[Result "0-1"]
[WhiteElo "2033"]
[BlackElo "1899"]
[PlyCount "94"]
[EventDate "2019.07.05"]
[EventType "swiss"]
[EventRounds "9"]
[EventCountry "SRB"]
[SourceTitle "CBM 191 Extra"]
[Source "ChessBase"]
[SourceDate "2019.09.30"]
[SourceVersion "1"]
[SourceVersionDate "2019.09.30"]
[SourceQuality "1"]

1. d4 Nf6 2. Nf3 g6 3. g3 Bg7 4. Bg2 0-0 5. 0-0 d6 6. c4 c6 7. Nc3 Bf5 8. Nh4 Be6 9. d5 Bd7 10. h3 Na6 11. Be3 Qc8 12. Kh2 Nc7 13. Rc1 c5 14. Qd2 Re8 15. Bh6 Bh8 16. e4 b5 17. cxb5 Nxb5 18. Nxb5 Bxb5 19. Rfe1 Qa6 20. b3 Rab8 21. Re3 e6 22. dxe6 Rxe6 23. f4 Rbe8 24. Rce1 Nd7 25. f5 R6e7 26. Bg5 Bf6 27. Bxf6 Nxf6 28. fxg6 hxg6 29. Qf2 Nh7 30. a4 Bc6 31. Qd2 Re6 32. Bf1 Qc8 33. Bc4 Rf6 34. e5 Ng5 35. e6 Nxe6 36. Qxd6 Qd7 37. Qxd7 Bxd7 38. Kg1 Rb8 39. Re5 Nd4 40. Re7 Bxh3 41. Kh2 Bg4 42. Rb1 g5 43. Re4 Nf3+ 44. Nxf3 Bxf3 45. Ree1 Kg7 46. Kg1 Rh8 47. Rbc1 Bc6 0-1

[Event "Paracin Summer op-A 12th"]
[Site "Paracin"]
[Date "2019.07.05"]
[Round "1"]
[White "Lazov, Toni"]
[Black "Liu, Hongyan"]
[Result "1-0"]
[WhiteElo "2313"]
[BlackElo "2033"]
[PlyCount "47"]
[EventDate "2019.07.05"]
[EventType "swiss"]
[EventRounds "9"]
[EventCountry "SRB"]
[SourceTitle "EXT 2020"]
[Source "ChessBase"]
[SourceDate "2019.10.17"]
[SourceVersion "1"]
[SourceVersionDate "2019.10.17"]
[SourceQuality "1"]

1. e4 e6 2. d4 d5 3. Nd2 dxe4 4. Nxe4 Bd7 5. Nf3 Bc6 6. Bd3 Nd7 7. 0-0 Ngf6 8. Neg5 Bxf3 9. Qxf3 c6 10. Re1 Be7 11. Qh3 Nf8 12. c3 h6 13. Nf3 N8d7 14. Rxe6 Nc5 15. dxc5 fxe6 16. Ne5 Qd5 17. Bf4 Bxc5 18. Bc4 Qd6 19. Ng6 Bxf2+ 20. Kf1 e5 21. Bxe5 Qd7 22. Bxf6 gxf6 23. Qxd7+ Kxd7 24. Nxh8 1-0

[Event "Nis op"]
[Site "Nis"]
[Date "2019.07.03"]
[Round "8"]
[White "Ciric, Pavle"]
[Black "Liu, Hongyan"]
[Result "1/2-1/2"]
[WhiteElo "1926"]
[BlackElo "2058"]
[PlyCount "36"]
[EventDate "2019.06.25"]
[EventType "swiss"]
[EventRounds "9"]
[EventCountry "SRB"]
[SourceTitle "EXT 2020"]
[Source "ChessBase"]
[SourceDate "2019.10.17"]
[SourceVersion "1"]
[SourceVersionDate "2019.10.17"]
[SourceQuality "1"]

1. d4 Nf6 2. c4 e6 3. Nc3 Bb4 4. Nf3 c5 5. e3 d6 6. dxc5 dxc5 7. Qxd8+ Kxd8 8. Bd2 Nbd7 9. Rd1 b6 10. Nb5 Bxd2+ 11. Rxd2 Ne4 12. Rd1 f6 13. Nd2 a6 14. Nxe4 axb5 15. a3 bxc4 16. Bxc4 Ke7 17. Nd6 Rd8 18. Nxc8+ Raxc8 1/2-1/2

[Event "CHN-chT (Women)"]
[Site "Hangzhou"]
[Date "2018.06.19"]
[Round "1.4"]
[White "Liu, Hongyan"]
[Black "Chi, Haoyuan"]
[Result "1-0"]
[WhiteElo "2079"]
[BlackElo "1506"]
[PlyCount "91"]
[EventDate "2018.06.19"]
[EventType "team-swiss"]
[EventRounds "9"]
[EventCountry "CHN"]
[SourceTitle "CBM 185 Extra"]
[Source "ChessBase"]
[SourceDate "2018.07.29"]
[SourceVersion "1"]
[SourceVersionDate "2018.07.29"]
[SourceQuality "1"]
[WhiteTeam "Tianjin (W)"]
[BlackTeam "Heilongjiang (W)"]
[WhiteTeamCountry "CHN"]
[BlackTeamCountry "CHN"]

1. d4 d5 2. c4 e6 3. Nf3 c6 4. g3 g6 5. Bg2 Bg7 6. 0-0 Ne7 7. Qc2 0-0 8. Nbd2 Nf5 9. e3 Nd7 10. b3 e5 11. dxe5 Nxe5 12. Bb2 Nxf3+ 13. Nxf3 dxc4 14. bxc4 Qe7 15. Rab1 Bxb2 16. Qxb2 Nd6 17. Qb4 Bf5 18. Rbd1 Rad8 19. Nd4 Bg4 20. Rb1 Rb8 21. h3 Be6 22. Rfc1 Rfc8 23. Qc5 Qc7 24. Nxe6 fxe6 25. Qe5 Qe7 26. c5 Nf7 27. Qf4 e5 28. Qa4 a6 29. h4 Rd8 30. Qc2 Qc7 31. Be4 Nh6 32. Qe2 Rd7 33. Rb6 Rbd8 34. Qc4+ Kg7 35. Qb3 Rf7 36. Rb1 Rdd7 37. Qc3 Ng4 38. Rxb7 Qxb7 39. Rxb7 Rxb7 40. f3 Nf6 41. Bxc6 Rbc7 42. Ba4 Rfe7 43. c6 Nd5 44. Qc5 Nf6 45. e4 h6 46. Bb3 1-0

[Event "CHN-ch blitz (Women)"]
[Site "Tianjin"]
[Date "2018.06.08"]
[Round "8"]
[White "Liu, Hongyan"]
[Black "Gu, Tianlu"]
[Result "0-1"]
[WhiteElo "2079"]
[BlackElo "2210"]
[PlyCount "80"]
[EventDate "2018.06.07"]
[EventType "swiss (blitz)"]
[EventRounds "9"]
[EventCountry "CHN"]
[SourceTitle "CBM 184 Extra"]
[Source "ChessBase"]
[SourceDate "2018.06.28"]
[SourceVersion "1"]
[SourceVersionDate "2018.06.28"]
[SourceQuality "1"]

1. d4 d5 2. Nf3 Bg4 3. Ne5 Bf5 4. e3 Nf6 5. Nd2 e6 6. Be2 c5 7. c3 Nbd7 8. f4 Nxe5 9. dxe5 Nd7 10. 0-0 h6 11. b3 Be7 12. Bb2 Qb6 13. Nf3 0-0 14. Kh1 f6 15. c4 Qc6 16. Qe1 fxe5 17. fxe5 dxc4 18. Bxc4 Be4 19. Qg3 Nb6 20. Be2 Rad8 21. Rac1 Rf7 22. Qg4 Bf5 23. Qg3 Nd5 24. Nd4 Qd7 25. Bb5 Qc8 26. Nxf5 exf5 27. Bc4 Qc6 28. e4 fxe4 29. Rxf7 Kxf7 30. Qf4+ Kg8 31. Qxe4 b5 32. Bd3 Nb4 33. Qh7+ Kf7 34. Rf1+ Ke8 35. Bg6+ Kd7 36. Qxg7 Nd5 37. e6+ Kc8 38. Be4 Kb8 39. Bxd5 Qxd5 40. Qf6 Rg8 0-1

[Event "CHN-ch rapid (Women)"]
[Site "Tianjin"]
[Date "2018.06.06"]
[Round "4"]
[White "Liu, Hongyan"]
[Black "Li, Yunshan"]
[Result "1-0"]
[WhiteElo "2079"]
[BlackElo "2130"]
[PlyCount "85"]
[EventDate "2018.06.06"]
[EventType "swiss (rapid)"]
[EventRounds "9"]
[EventCountry "CHN"]
[SourceTitle "CBM 184 Extra"]
[Source "ChessBase"]
[SourceDate "2018.06.28"]
[SourceVersion "1"]
[SourceVersionDate "2018.06.28"]
[SourceQuality "1"]

1. d4 Nf6 2. Nf3 g6 3. Bf4 Bg7 4. h3 d5 5. e3 0-0 6. Be2 c5 7. c3 b6 8. 0-0 Bb7 9. a4 Nc6 10. Bh2 e6 11. Na3 Ne4 12. Nd2 Nd6 13. dxc5 bxc5 14. Nb3 Ne4 15. f3 Nf6 16. Nxc5 Qb6 17. b4 Bc8 18. Nb5 e5 19. a5 Qd8 20. Kh1 Bh6 21. f4 exf4 22. exf4 Bf5 23. Bf3 Ne4 24. Nxe4 dxe4 25. Be2 Bg7 26. Qb3 Qd2 27. Qc4 Rac8 28. Rad1 Qe3 29. Bg1 Qg3 30. Bf2 Qxf4 31. Bc5 Qg3 32. Bf2 Qg5 33. Nd6 Ne5 34. Qb3 Rc7 35. c4 Be6 36. Nxe4 Qh6 37. Nc5 Bf5 38. Qg3 Rfc8 39. Be3 g5 40. Rxf5 Nc6 41. Rxg5 Nxb4 42. Rg4 Qf6 43. Bd4 1-0

[Event "CHN Team (Women)"]
[Site "Beijing"]
[Date "2017.06.13"]
[Round "8.3"]
[White "Liu, Hongyan"]
[Black "Guo, Weibao"]
[Result "1/2-1/2"]
[WhiteElo "2029"]
[BlackElo "1788"]
[PlyCount "116"]
[EventDate "2017.06.06"]
[EventType "team-swiss"]
[EventRounds "9"]
[EventCountry "CHN"]
[SourceTitle "CBM 178 Extra"]
[Source "ChessBase"]
[SourceDate "2017.06.22"]
[SourceVersion "1"]
[SourceVersionDate "2017.06.22"]
[SourceQuality "1"]
[WhiteTeam "Tianjin (W)"]
[BlackTeam "Hebei (W)"]
[WhiteTeamCountry "CHN"]
[BlackTeamCountry "CHN"]

1. d4 d5 2. Bf4 Nf6 3. e3 c5 4. c3 Nc6 5. Bd3 Qb6 6. Qc1 Nh5 7. Bg5 h6 8. Bh4 g5 9. Bg3 Nxg3 10. hxg3 e5 11. dxe5 Nxe5 12. Bc2 Bd7 13. Nd2 Bb5 14. Ndf3 Nxf3+ 15. Nxf3 Bg7 16. Bf5 d4 17. c4 Bc6 18. exd4 cxd4 19. Kf1 Kf8 20. Qd2 Re8 21. Re1 Rxe1+ 22. Nxe1 Qc5 23. Bd3 a5 24. b3 Bf6 25. Qe2 Kg7 26. Qg4 Qe7 27. Nf3 Bd7 28. Qe4 Qxe4 29. Bxe4 b5 30. Nd2 Rc8 31. Ke2 bxc4 32. bxc4 a4 33. Rb1 g4 34. Kd3 Be5 35. Bd5 Rc7 36. f4 Bf6 37. Ne4 Bf5 38. Rb4 Ra7 39. c5 Rc7 40. Kc4 d3 41. Nd2 a3 42. Be4 Be6+ 43. Kxd3 Bxa2 44. Nb3 Bb2 45. Kc2 Bxb3+ 46. Kxb3 Rxc5 47. Rb7 Rc3+ 48. Ka2 Rxg3 49. Bd5 Bf6 50. Rxf7+ Kg6 51. Ra7 Kf5 52. Rxa3 Rxa3+ 53. Kxa3 Kxf4 54. Kb3 Kg3 55. Kc2 h5 56. Kd3 h4 57. Ke2 Bd4 58. Kf1 h3 1/2-1/2

[Event "CHN Team (Women)"]
[Site "Beijing"]
[Date "2017.06.11"]
[Round "6.2"]
[White "Zhang, Xiao"]
[Black "Liu, Hongyan"]
[Result "1-0"]
[WhiteElo "1913"]
[BlackElo "2029"]
[PlyCount "89"]
[EventDate "2017.06.06"]
[EventType "team-swiss"]
[EventRounds "9"]
[EventCountry "CHN"]
[SourceTitle "CBM 178 Extra"]
[Source "ChessBase"]
[SourceDate "2017.06.22"]
[SourceVersion "1"]
[SourceVersionDate "2017.06.22"]
[SourceQuality "1"]
[WhiteTeam "Jiangsu (W)"]
[BlackTeam "Tianjin (W)"]
[WhiteTeamCountry "CHN"]
[BlackTeamCountry "CHN"]

1. d4 d5 2. c4 c6 3. Nf3 Nf6 4. e3 e6 5. Nc3 Nbd7 6. Qc2 Bd6 7. Bd3 dxc4 8. Bxc4 b5 9. Be2 Bb7 10. 0-0 0-0 11. Rd1 Qc7 12. e4 e5 13. Bg5 exd4 14. Rxd4 Bc5 15. Rd2 Rfe8 16. Bd3 Ng4 17. Bh4 Nde5 18. Nxe5 Nxe5 19. Bg3 Qe7 20. Bf1 Bb6 21. h3 Qg5 22. Kh2 Bc8 23. Be2 Ng6 24. Rad1 Be6 25. Qc1 Qf6 26. e5 Nxe5 27. Ne4 Qe7 28. Bxe5 Bd5 29. Rxd5 cxd5 30. Rxd5 Rad8 31. Rxb5 Rc8 32. Nc3 f6 33. Bg3 Rxc3 34. Qxc3 Qxe2 35. Rf5 Rd8 36. Qb3+ Kh8 37. Qf7 Qxb2 38. Be5 Qc2 39. Rxf6 Rg8 40. Re6 Qc8 41. Re7 Qf8 42. Qxf8 Rxf8 43. Rxg7 h6 44. Rxa7+ Kg8 45. Rg7+ 1-0